000 00350nam a2200145Ia 4500
999 _c14314
_d14314
003 OSt
005 20260326175555.0
008 260210s9999 xx 000 0 und d
020 _a9788997603183
082 _a720.470222
100 _aVarious
245 0 _aGreen Architecture - Mario Cucinella Architects
260 _bEqual Books
942 _cUG
_2ddc